| 000 | 00711nam a22001817a 4500 | ||
|---|---|---|---|
| 005 | 20120503112036.0 | ||
| 020 |
_a0195639499 _c00.00 |
||
| 035 | _aA-899281 | ||
| 037 |
_aDPL _bENG |
||
| 245 |
_aIssues in Economic theory and public policy : _bEssays in honour of professor Tapas Majumdar / _cedited by Amitava Bose, Mihir Rakshit and Anup Sinha |
||
| 260 |
_aDelhi _bOxford University Press _c1997 |
||
| 300 |
_ax, 322 _c20 cms. |
||
| 700 |
_aBose, Amitava _946259 |
||
| 700 |
_aRakshit, Mihir _946260 |
||
| 700 |
_aSinha, Anup _946261 |
||
| 942 |
_2ddc _cEN _h330 _mBOS |
||
| 999 |
_c66046 _d66046 |
||